| 000 | 00915nam a22002654a 4500 | ||
|---|---|---|---|
| 005 | 20090826135127.0 | ||
| 008 | 060217s2006 nyua j 001 0 eng | ||
| 010 | _aENG-94905 | ||
| 020 |
_a8189975331 _c195.00 |
||
| 020 |
_a9788189975333 _c195.00 |
||
| 035 | _aEN-78438 | ||
| 037 | _bDBAD / PUB | ||
| 040 |
_adpl _bEnglish |
||
| 082 | _a485 | ||
| 100 | _aElliott, Rebecca | ||
| 245 |
_aPainless grammar / _cby Rebecca Elliott |
||
| 250 | _a2nd ed. | ||
| 260 |
_aChennai _bWestland Books _c2007 |
||
| 270 |
_a571 Ponamallee High Road, Aminjikarai, _bChennai _e600029 |
||
| 300 |
_aviii, 278 p. : _bill. ; _c23cm(pbk) |
||
| 500 | _aIncludes index. | ||
| 650 |
_aEnglish language _xGrammar _xStudy and teaching |
||
| 942 |
_2ddc _cEN _h485 _mELL |
||
| 999 |
_c29644 _d29644 |
||